Catálogo
 En Linea

La convención de la Unesco sobre la protección del patrimonio cultural subacuático. (Registro nro. 37646)

Detalles MARC
000 -CABECERA
campo de control de longitud fija 00570nam a2200157 a 4500
001 - NÚMERO DE CONTROL
campo de control 000038156
003 - IDENTIFICADOR DEL NÚMERO DE CONTROL
campo de control DO-SdBNP
005 - FECHA Y HORA DE LA ÚLTIMA TRANSACCIÓN
campo de control 20250221081005.0
008 - DATOS DE LONGITUD FIJA--INFORMACIÓN GENERAL
campo de control de longitud fija 130319s2001 sp 000 0 spa d
040 ## - FUENTE DE LA CATALOGACIÓN
Centro catalogador/agencia de origen DO-SdBNP
Lengua de catalogación spa
Centro/agencia transcriptor BNPHU
111 2# - ENTRADA PRINCIPAL--NOMBRE DE CONGRESO/REUNIÓN
Nombre de congreso/reunión o jurisdicción como elemento de entrada convención de la Unesco sobre la protección del patrimonio cultural subacuático.
Fecha del congreso/reunión (2001: 2 noviembre
Sede del congreso/Lugar de la reunión París)
9 (RLIN) 64519
245 13 - MENCIÓN DE TÍTULO
Título La convención de la Unesco sobre la protección del patrimonio cultural subacuático.
260 ## - PUBLICACIÓN, DISTRIBUCIÓN, ETC.
Lugar de publicación, distribución, etc. París, :
Nombre del editor, distribuidor, etc. UNESCO,
Fecha de publicación, distribución, etc. 2001.
300 ## - DESCRIPCIÓN FÍSICA
Extensión 30 p. :
Otras características físicas il. retrs. ;
Dimensiones 22 cm.
942 ## - ELEMENTOS DE PUNTO DE ACCESO ADICIONAL (KOHA)
Fuente del sistema de clasificación o colocación Dewey Decimal Classification
Tipo de ítem Koha Libro
Existencias
Estado de retiro Estado de pérdida Restricciones de uso No para préstamo Código de colección Localización permanente Ubicación/localización actual Ubicación en estantería Fecha de adquisición Número de inventario Total de préstamos Signatura topográfica completa Código de barras Fecha visto por última vez Precio válido a partir de Tipo de ítem Koha
      Excluido de préstamo Monografías: Libros y Folletos Patrimonio Dominicano Patrimonio Dominicano Depósito 19.03.2013 LF1   38156-10 25.06.2020 25.06.2020 No se presta

Con tecnología Koha